| 000 | 00983naa a22002657a 4500 | ||
|---|---|---|---|
| 001 | BR8207037 | ||
| 003 | BR-BrBNA | ||
| 005 | 20250721143213.0 | ||
| 007 | ta | ||
| 008 | 250630b bl.|||m| |||| 00| 0 por d | ||
| 040 |
_aBR-BrBNA _bpor _cBiblioteca Nacional de Agricultura |
||
| 041 | _a(Pt) | ||
| 072 |
_aE11 _b/G514 |
||
| 090 | _aE11 BR8207037 | ||
| 100 | 1 | _aSzmrecsanyi, T. | |
| 245 | 1 | _aA reforma agraria como instrumento de politica agricola | |
| 500 | _aSeminario de politica agricola. Coletanea de artigos tecnicos Brasilia, DF (Brasil): 1982. p. 115-122 (BR8207037-AMS) | ||
| 773 | 0 |
_tSeminario de politica agricola. Coletanea de artigos tecnicos _wE11 BR8207037 _gBrasilia, DF (Brasil), 1982. p. 115-122 |
|
| 650 | _aPOLITICA AGRICOLA | ||
| 650 | _aREFORMA AGRARIA | ||
| 650 | _aESTRUTURA AGRARIA | ||
| 490 |
_aColecao Analise e Pesquisa - Comissao de Financiamento da Producao (Brazil) _vv. 25 |
||
| 942 |
_cAMS _2AGRIS |
||
| 909 |
_a202506 _bLúcia _c55 _dLúcia Elande |
||
| 999 |
_c334344 _d334344 |
||